000 01702cab a2200289 ab4500
005 20241121063757.0
008 991125c2016 ag qr p o 000 0 spa d
035 _aUPN01000218573
040 _aMX-MxUPN
_bspa
_cMX-MxUPN
_eaacr2
049 _aART-E
100 1 _aKaplan, Carina
_932199
100 1 _ukaplancarina@gmail.com
100 1 _aSilva, Verónica
100 1 _uverosilva13@yahoo.com.ar
245 1 0 _aRespeto y procesos civiliazatorios :
_b imbricación socio-psíquica de las emociones
_h[recurso electrónico en línea]
506 0 _aAcceso abierto
520 3 _aEn este trabajo presentamos una serie de aproximaciones teóricas acerca del fenómeno del respeto en su dimensión socio-psíquica a los fines de alcanzar una compresión profunda de la estructura afectiva que los jóvenes construyen en la vida escolar. Partimos de la consideración de que en nuestras sociedades capitalistas el respeto es un bien simbólico escaso. El miedo a la pérdida del prestigio o estima social y a la degradación personal se erige como un regulador del comportamiento y como mecanismo eficaz de control y auto-control de las emociones. Las disposiciones sociales y morales imprimen modos específicos de vinculación a través del respeto mutuo formando parte de una estructura emotiva de matriz sociocultural e histórica. Praxis educativa.
650 4 _aEmociones
_939
650 2 _94166
_aRespeto
650 4 _aValores
_9308
653 0 _aEstima social
773 _gVol. 20, no. 1 (2016), p. 28-36
_tPraxis educativa
_x2313-934X
856 4 _uhttps://cerac.unlpam.edu.ar/index.php/praxis/article/view/1180
902 _bLeonor Sotres/141123
905 _aArticulo
942 _cART-E
999 _c190673
_d190673